| 000 | 00531nam a22001932 4500 | ||
|---|---|---|---|
| 001 | 0000002334 | ||
| 005 | 20170406114137.0 | ||
| 008 | 140307s xx 000 0 eng d | ||
| 020 | _c$ | ||
| 040 |
_aYour Holding Symbol _cYour Holding Symbol |
||
| 100 | 1 | _aBemis,E.Stephen. | |
| 245 | 1 | 0 |
_aJob analysis : _ban effective management tool. |
| 250 | _a ed. | ||
| 260 |
_aWashington,D.C : _bTHE BUREAU, _c1983. |
||
| 300 |
_a275 p. ; _c cm. |
||
| 504 | _aINDEX. | ||
| 650 | 0 | _ajob anaysis. | |
| 908 | _a140307 | ||
| 999 |
_c2225 _d2225 |
||